[Event "San Sebastian op 36th"]
[Site "San Sebastian"]
[Date "2013.03.28"]
[Round "7"]
[White "Vazquez Igarza, Renier"]
[Black "Thomassen, Joachim"]
[Result "1-0"]
[WhiteElo "2557"]
[BlackElo "2394"]
[PlyCount "67"]
[EventDate "2013.03.23"]
[EventType "swiss"]
[EventRounds "9"]
[EventCountry "ESP"]
[SourceTitle "CBM 153 Extra"]
[Source "ChessBase"]
[SourceDate "2013.04.22"]
[SourceVersion "1"]
[SourceVersionDate "2013.04.22"]
[SourceQuality "1"]

1. Nf3 Nf6 2. c4 g6 3. Nc3 Bg7 4. d4 0-0 5. Bf4 d6 6. e3 Nfd7 7. Be2 e5 8. Bg3 Nc6 9. 0-0 Re8 10. h3 exd4 11. exd4 Nb6 12. Re1 Bf5 13. Qd2 Be4 14. Nxe4 Rxe4 15. Bf1 d5 16. c5 Nd7 17. Bd3 Rxe1+ 18. Rxe1 Nxd4 19. Nxd4 Bxd4 20. Bxg6 Qf6 21. Bb1 Nxc5 22. Bxc7 Ne6 23. Bg3 Rc8 24. Qd3 Qg6 25. Qf3 Qg5 26. Kh2 Bxb2 27. h4 Qf6 28. Qxd5 Bd4 29. Re4 Rd8 30. Rg4+ Ng7 31. Qe4 h6 32. Bc7 Rc8 33. Qh7+ Kf8 34. Qh8+ 1-0

[Event "San Sebastian op 35th"]
[Site "San Sebastian"]
[Date "2012.04.05"]
[Round "7"]
[White "Thomassen, Joachim"]
[Black "Moreno Ruiz, Javier"]
[Result "0-1"]
[WhiteElo "2400"]
[BlackElo "2513"]
[PlyCount "68"]
[EventDate "2012.03.31"]
[EventType "swiss"]
[EventRounds "9"]
[EventCountry "ESP"]
[SourceTitle "CBM 147 Extra"]
[Source "ChessBase"]
[SourceDate "2012.04.24"]
[SourceVersion "1"]
[SourceVersionDate "2012.04.24"]
[SourceQuality "1"]

1. d4 Nf6 2. c4 e6 3. Nf3 d5 4. Nc3 Bb4 5. cxd5 exd5 6. Bg5 Nbd7 7. e3 c5 8. Bd3 Qa5 9. Qc2 c4 10. Bf5 0-0 11. 0-0 Re8 12. Nd2 g6 13. Bxd7 Nxd7 14. e4 Bxc3 15. Qxc3 Qxc3 16. bxc3 f6 17. Bh4 g5 18. Bg3 Nb6 19. f3 Bd7 20. Rfb1 Bc6 21. Rb4 dxe4 22. fxe4 Bxe4 23. Nxe4 Rxe4 24. a4 Rc8 25. a5 Nd5 26. Rxb7 Nxc3 27. Rxa7 Ne2+ 28. Kf2 c3 29. Rc7 Rxc7 30. Bxc7 c2 31. a6 c1Q 32. Rxc1 Nxc1 33. a7 Re2+ 34. Kf1 Ra2 0-1

[Event "Reykjavik op"]
[Site "Reykjavik"]
[Date "2012.03.09"]
[Round "4"]
[White "Stefansson, Hannes"]
[Black "Thomassen, Joachim"]
[Result "1/2-1/2"]
[WhiteElo "2531"]
[BlackElo "2400"]
[PlyCount "86"]
[EventDate "2012.03.06"]
[EventType "swiss"]
[EventRounds "9"]
[EventCountry "ISL"]
[SourceTitle "CBM 147 Extra"]
[Source "ChessBase"]
[SourceDate "2012.04.24"]
[SourceVersion "1"]
[SourceVersionDate "2012.04.24"]
[SourceQuality "1"]

1. d4 Nf6 2. c4 g6 3. Nf3 Bg7 4. g3 0-0 5. Bg2 d6 6. 0-0 Nc6 7. Nc3 a6 8. Qd3 Bd7 9. d5 Nb4 10. Qd1 a5 11. Be3 Na6 12. Qd2 Qc8 13. Bh6 Bh3 14. Bxg7 Kxg7 15. e4 Bxg2 16. Kxg2 c6 17. b3 Nc5 18. Rae1 b5 19. e5 dxe5 20. Rxe5 b4 21. Ne2 cxd5 22. cxd5 Rd8 23. Rc1 Ra7 24. Rc4 Rc7 25. Rh4 h5 26. Qg5 Nd3 27. Nf4 Nxe5 28. Qxe5 Qb7 29. g4 hxg4 30. Rxg4 Rd6 31. Rh4 Rc8 32. Qg5 Rh8 33. Nd4 Rxh4 34. Nf5+ Kf8 35. Nxd6 Qd7 36. Qxh4 Qxd6 37. Qh8+ Ng8 38. Qh4 Kg7 39. Qg5 Nf6 40. h4 Ne4 41. Qg4 Nf6 42. Qg5 Ne4 43. Qg4 Nf6 1/2-1/2

[Event "NOR-ch"]
[Site "Oslo"]
[Date "2011.07.06"]
[Round "5"]
[White "Djurhuus, Rune"]
[Black "Thomassen, Joachim"]
[Result "0-1"]
[WhiteElo "2459"]
[BlackElo "2400"]
[PlyCount "72"]
[EventDate "2011.07.02"]
[EventType "swiss"]
[EventRounds "9"]
[EventCountry "NOR"]
[SourceTitle "CBM 143 Extra"]
[Source "ChessBase"]
[SourceDate "2011.08.29"]
[SourceVersion "1"]
[SourceVersionDate "2011.08.29"]
[SourceQuality "1"]

1. e4 c5 2. Nf3 d6 3. Bb5+ Bd7 4. Bxd7+ Qxd7 5. 0-0 Nf6 6. Qe2 g6 7. c3 Nc6 8. d4 cxd4 9. cxd4 d5 10. e5 Ne4 11. Rd1 Rc8 12. Be3 Bg7 13. Ne1 f6 14. f3 Ng5 15. Nc3 0-0 16. Bxg5 fxg5 17. Qe3 Rf4 18. g3 Rf5 19. g4 Rff8 20. Qxg5 Nd8 21. Qe3 Ne6 22. Ne2 h5 23. h3 Rf7 24. f4 hxg4 25. hxg4 Nxf4 26. Nxf4 Qxg4+ 27. Neg2 Bh6 28. Rf1 Rc2 29. Qf3 Rxf4 30. Qxd5+ Kg7 31. Qxb7 Rxf1+ 32. Kxf1 Qe2+ 33. Kg1 Be3+ 34. Kh2 Qh5+ 35. Kg3 Bf2+ 36. Kf4 Qf5# 0-1

[Event "NOR-ch"]
[Site "Oslo"]
[Date "2011.07.05"]
[Round "4"]
[White "Thomassen, Joachim"]
[Black "Getz, Nicolai"]
[Result "1/2-1/2"]
[WhiteElo "2400"]
[BlackElo "2385"]
[PlyCount "72"]
[EventDate "2011.07.02"]
[EventType "swiss"]
[EventRounds "9"]
[EventCountry "NOR"]
[SourceTitle "CBM 143 Extra"]
[Source "ChessBase"]
[SourceDate "2011.08.29"]
[SourceVersion "1"]
[SourceVersionDate "2011.08.29"]
[SourceQuality "1"]

1. d4 e6 2. c4 Nf6 3. Nf3 d5 4. Nc3 Be7 5. Bf4 0-0 6. e3 Nbd7 7. a3 c6 8. h3 a5 9. Qc2 g6 10. Bd3 dxc4 11. Bxc4 b5 12. Bd3 Bb7 13. 0-0 b4 14. Ne4 Nxe4 15. Bxe4 Qb6 16. Ne5 Nxe5 17. Bxe5 Rfc8 18. axb4 Bxb4 19. Qe2 Be7 20. Rfc1 f6 21. Bg3 c5 22. dxc5 Bxc5 23. Bxb7 Qxb7 24. Rc2 Be7 25. Rac1 e5 26. Qg4 Rxc2 27. Qe6+ Kg7 28. Rxc2 Ra6 29. Qg4 Rc6 30. Rd2 Rd6 31. Rxd6 Bxd6 32. Qe6 Bb4 33. Qc4 Qf7 34. Qd3 Qc7 35. Kh2 Bd6 36. Qd5 Qc5 1/2-1/2

[Event "NOR-ch"]
[Site "Oslo"]
[Date "2011.07.04"]
[Round "3"]
[White "Elsness, Frode"]
[Black "Thomassen, Joachim"]
[Result "0-1"]
[WhiteElo "2485"]
[BlackElo "2400"]
[PlyCount "116"]
[EventDate "2011.07.02"]
[EventType "swiss"]
[EventRounds "9"]
[EventCountry "NOR"]
[SourceTitle "CBM 143 Extra"]
[Source "ChessBase"]
[SourceDate "2011.08.29"]
[SourceVersion "1"]
[SourceVersionDate "2011.08.29"]
[SourceQuality "1"]

1. d4 Nf6 2. c4 g6 3. Nc3 Bg7 4. e4 d6 5. Nf3 0-0 6. Be2 Na6 7. 0-0 e5 8. Be3 Ng4 9. Bg5 Qe8 10. Re1 exd4 11. Nd5 f6 12. Bf4 d3 13. Qxd3 Ne5 14. Qd2 Qf7 15. Rad1 Nc5 16. Qc2 c6 17. Ne3 Ne6 18. Bxe5 dxe5 19. c5 Qe7 20. Rd6 Kh8 21. b4 f5 22. Nc4 fxe4 23. Qxe4 Ng5 24. Qe3 Nf7 25. Rdd1 e4 26. Nfd2 Bf5 27. Bf3 Bh6 28. Qc3+ Bg7 29. Qe3 Bh6 30. Qe2 Ng5 31. Bxe4 Nxe4 32. Nxe4 Qh4 33. Ncd6 Bg4 34. f3 Be6 35. Nxb7 Rab8 36. Ned6 Bd5 37. Qb2+ Bg7 38. Qd2 g5 39. a3 g4 40. fxg4 Qxg4 41. Re7 Rf4 42. h3 Qg3 43. Re3 Bd4 44. Qxd4+ Rxd4 45. Rxg3 Rxd1+ 46. Kh2 Rg8 47. Rxg8+ Kxg8 48. Nf5 Kf7 49. Ne3 Ra1 50. Nxd5 cxd5 51. c6 Ke7 52. a4 d4 53. Nc5 Kd6 54. b5 Rc1 55. Nb3 d3 56. a5 Rc3 57. Nd2 Ra3 58. b6 axb6 0-1

[Event "NOR-ch"]
[Site "Oslo"]
[Date "2011.07.03"]
[Round "2"]
[White "Thomassen, Joachim"]
[Black "Gronn, Atle"]
[Result "1-0"]
[WhiteElo "2400"]
[BlackElo "2409"]
[PlyCount "47"]
[EventDate "2011.07.02"]
[EventType "swiss"]
[EventRounds "9"]
[EventCountry "NOR"]
[SourceTitle "CBM 143 Extra"]
[Source "ChessBase"]
[SourceDate "2011.08.29"]
[SourceVersion "1"]
[SourceVersionDate "2011.08.29"]
[SourceQuality "1"]

1. e4 c5 2. Nf3 Nc6 3. d4 cxd4 4. Nxd4 Nf6 5. Nc3 d6 6. Bg5 Bd7 7. f4 Qb6 8. Nb3 Qe3+ 9. Qe2 Qxe2+ 10. Bxe2 Rc8 11. 0-0-0 h6 12. Bh4 Rg8 13. Bf2 g5 14. f5 h5 15. Kb1 Bg7 16. h3 Bh8 17. Nd2 Kd8 18. a3 Kc7 19. g4 hxg4 20. hxg4 Kb8 21. Nc4 Ne8 22. Nd5 e6 23. Nde3 Be5 24. Bg3 1-0

[Event "Reykjavik op"]
[Site "Reykjavik"]
[Date "2011.03.14"]
[Round "7"]
[White "Thomassen, Joachim"]
[Black "Holm, Kristian Stuvik"]
[Result "1/2-1/2"]
[WhiteElo "2396"]
[BlackElo "2240"]
[PlyCount "40"]
[EventDate "2011.03.09"]
[EventType "swiss"]
[EventRounds "9"]
[EventCountry "ISL"]
[SourceTitle "CBM 141 Extra"]
[Source "ChessBase"]
[SourceDate "2011.05.03"]
[SourceVersion "1"]
[SourceVersionDate "2011.05.03"]
[SourceQuality "1"]

1. e4 c5 2. Nf3 g6 3. d4 cxd4 4. Nxd4 Bg7 5. Nc3 Nc6 6. Be3 Nf6 7. Bc4 0-0 8. Bb3 a5 9. 0-0 a4 10. Nxa4 Nxe4 11. Nb5 d5 12. c3 e6 13. f3 Nf6 14. Bb6 Qd7 15. Nc5 Qe7 16. Nd3 Nd7 17. Bc7 Qf6 18. f4 b6 19. Bd6 Rd8 20. Bc7 Rf8 1/2-1/2

[Event "Reykjavik op"]
[Site "Reykjavik"]
[Date "2011.03.12"]
[Round "4.12"]
[White "Nyzhnyk, Illya"]
[Black "Thomassen, Joachim"]
[Result "1-0"]
[WhiteElo "2563"]
[BlackElo "2396"]
[PlyCount "85"]
[EventDate "2011.03.09"]
[EventType "swiss"]
[EventRounds "9"]
[EventCountry "ISL"]
[SourceTitle "CBM 141 Extra"]
[Source "ChessBase"]
[SourceDate "2011.05.03"]
[SourceVersion "1"]
[SourceVersionDate "2011.05.03"]
[SourceQuality "1"]

1. d4 Nf6 2. Nf3 g6 3. c4 Bg7 4. g3 0-0 5. Bg2 d6 6. 0-0 Nc6 7. Nc3 Bf5 8. b3 Ne4 9. Bb2 Nxc3 10. Bxc3 Be4 11. Qd2 d5 12. Rad1 a5 13. Rfe1 e6 14. Nh4 Bxg2 15. Nxg2 a4 16. e4 axb3 17. axb3 dxe4 18. Rxe4 e5 19. dxe5 Qxd2 20. Rxd2 Ra3 21. Rb2 Ra1+ 22. Ne1 Rc1 23. Rc2 Rb1 24. Rb2 Rc1 25. Bd2 Rd1 26. f4 f6 27. Bc3 fxe5 28. fxe5 Rc1 29. Rc2 Rxc2 30. Nxc2 Re8 31. Ne3 Nxe5 32. Kg2 Kf7 33. h3 h5 34. Nd5 c6 35. Rf4+ Kg8 36. Nf6+ Bxf6 37. Rxf6 Kg7 38. Rf1 Re7 39. g4 hxg4 40. hxg4 c5 41. Re1 Kf6 42. Kg3 g5 43. Re4 1-0

[Event "Reykjavik op"]
[Site "Reykjavik"]
[Date "2011.03.10"]
[Round "2.40"]
[White "Mihajlov, Sebastian"]
[Black "Thomassen, Joachim"]
[Result "0-1"]
[WhiteElo "1871"]
[BlackElo "2396"]
[PlyCount "66"]
[EventDate "2011.03.09"]
[EventType "swiss"]
[EventRounds "9"]
[EventCountry "ISL"]
[SourceTitle "CBM 141 Extra"]
[Source "ChessBase"]
[SourceDate "2011.05.03"]
[SourceVersion "1"]
[SourceVersionDate "2011.05.03"]
[SourceQuality "1"]

1. d4 Nf6 2. c4 g6 3. Nc3 Bg7 4. e4 d6 5. Nf3 0-0 6. Be2 Nbd7 7. 0-0 e5 8. dxe5 dxe5 9. Bg5 h6 10. Bxf6 Qxf6 11. Nd5 Qd8 12. Rc1 c6 13. Ne3 Nc5 14. Qc2 a5 15. Rfd1 Qe7 16. Ne1 b6 17. Nd3 Ne6 18. Bf1 Nd4 19. Qc3 f5 20. exf5 e4 21. Qa3 Qxa3 22. bxa3 exd3 23. fxg6 Ne2+ 24. Bxe2 dxe2 25. Re1 Bb2 26. Rb1 Bxa3 27. Rxe2 Bc5 28. g3 Kg7 29. Rb3 Ra7 30. Nd1 Bf5 31. Ne3 Bxg6 32. Ng4 h5 33. Ne5 Re7 0-1

[Event "Gibraltar Masters 9th"]
[Site "Caleta"]
[Date "2011.01.31"]
[Round "7"]
[White "Vallejo Pons, Francisco"]
[Black "Thomassen, Joachim"]
[Result "1-0"]
[WhiteElo "2698"]
[BlackElo "2404"]
[PlyCount "39"]
[EventDate "2011.01.25"]
[EventType "swiss"]
[EventRounds "10"]
[EventCountry "GGB"]
[SourceTitle "CBM 141"]
[Source "ChessBase"]
[SourceDate "2011.03.17"]
[SourceVersion "1"]
[SourceVersionDate "2011.03.17"]
[SourceQuality "1"]

1. e4 c5 2. Nc3 Nc6 3. Nf3 d6 4. d4 cxd4 5. Nxd4 Nf6 6. Bg5 e6 7. Qd2 a6 8. 0-0-0 Bd7 9. f4 h6 10. Bh4 g5 11. fxg5 Ng4 12. Be2 Nge5 13. Nf3 Be7 14. Rhg1 b5 15. Kb1 b4 16. Na4 Qa5 17. b3 0-0-0 18. Bf2 Nxf3 19. gxf3 hxg5 20. Nb6+ 1-0

[Event "Gibraltar Masters 9th"]
[Site "Caleta"]
[Date "2011.01.26"]
[Round "2"]
[White "Thomassen, Joachim"]
[Black "Steil Antoni, Fiona"]
[Result "1-0"]
[WhiteElo "2404"]
[BlackElo "2118"]
[PlyCount "55"]
[EventDate "2011.01.25"]
[EventType "swiss"]
[EventRounds "10"]
[EventCountry "GGB"]
[SourceTitle "CBM 141"]
[Source "ChessBase"]
[SourceDate "2011.03.17"]
[SourceVersion "1"]
[SourceVersionDate "2011.03.17"]
[SourceQuality "1"]

1. d4 d5 2. Nf3 Nf6 3. c4 dxc4 4. e3 e6 5. Bxc4 c5 6. 0-0 a6 7. Qe2 b5 8. Bb3 c4 9. Bc2 Nc6 10. a4 Bb7 11. axb5 axb5 12. Rxa8 Qxa8 13. b3 Nb4 14. bxc4 Nxc2 15. Qxc2 Bxf3 16. gxf3 Qxf3 17. Nd2 Qh3 18. f3 Bd6 19. Rf2 0-0 20. cxb5 Qh5 21. Qc6 Qg5+ 22. Kf1 Bb4 23. Nc4 Rb8 24. Ne5 Nd5 25. e4 Nf4 26. Nd3 Qd8 27. Bxf4 Rc8 28. Nxb4 1-0

[Event "Sunningdale op"]
[Site "Sunningdale"]
[Date "2010.09.10"]
[Round "1"]
[White "Thomassen, Joachim"]
[Black "Coates, David H"]
[Result "1-0"]
[WhiteElo "2408"]
[BlackElo "2068"]
[PlyCount "79"]
[EventDate "2010.09.10"]
[EventType "swiss"]
[EventRounds "5"]
[EventCountry "ENG"]
[SourceTitle "CBM 138 Extra"]
[Source "ChessBase"]
[SourceDate "2010.10.29"]
[SourceVersion "1"]
[SourceVersionDate "2010.10.29"]
[SourceQuality "1"]

1. d4 Nf6 2. c4 g6 3. g3 Bg7 4. Bg2 0-0 5. Nc3 d6 6. Nf3 Nbd7 7. 0-0 e5 8. Qc2 exd4 9. Nxd4 Re8 10. Rd1 a6 11. b3 Rb8 12. Bb2 c5 13. Nf3 Qe7 14. a4 b6 15. Rd2 Nf8 16. Rad1 Bf5 17. Qc1 Red8 18. Qa1 Ne6 19. Nh4 Nd4 20. Nxf5 Nxf5 21. e3 Qf8 22. Bh3 Nh6 23. Rd3 Nhg4 24. f4 h5 25. Bg2 Nh6 26. e4 Kh7 27. h3 Nhg8 28. Nd5 Nxd5 29. Bxg7 Qxg7 30. Qxg7+ Kxg7 31. Rxd5 Ne7 32. Rxd6 Nc6 33. R1d5 Rdc8 34. Rd7 Nd4 35. Ra7 a5 36. Rdd7 Rf8 37. e5 Nxb3 38. Bd5 Nd4 39. Bxf7 Kh6 40. Bg8 1-0

[Event "Arctic Chess Challenge"]
[Site "Tromsoe"]
[Date "2010.08.07"]
[Round "8"]
[White "Thomassen, Joachim"]
[Black "Malakhatko, Vadim"]
[Result "1/2-1/2"]
[WhiteElo "2364"]
[BlackElo "2576"]
[PlyCount "34"]
[EventDate "2010.07.31"]
[EventType "swiss"]
[EventRounds "9"]
[EventCountry "NOR"]
[SourceTitle "CBM 137 Extra"]
[Source "ChessBase"]
[SourceDate "2010.09.01"]
[SourceVersion "1"]
[SourceVersionDate "2010.09.01"]
[SourceQuality "1"]

1. e4 c6 2. d4 d5 3. Nc3 dxe4 4. Nxe4 Bf5 5. Ng3 Bg6 6. h4 h6 7. Nf3 Nd7 8. h5 Bh7 9. Bd3 Bxd3 10. Qxd3 e6 11. Bd2 Ngf6 12. 0-0-0 Be7 13. Ne4 Nxe4 14. Qxe4 Nf6 15. Qe2 Qd5 16. c4 Qe4 17. Qxe4 Nxe4 1/2-1/2

[Event "Arctic Chess Challenge"]
[Site "Tromsoe"]
[Date "2010.08.01"]
[Round "2"]
[White "Thomassen, Joachim"]
[Black "Ivanisevic, Ivan"]
[Result "0-1"]
[WhiteElo "2364"]
[BlackElo "2611"]
[PlyCount "102"]
[EventDate "2010.07.31"]
[EventType "swiss"]
[EventRounds "9"]
[EventCountry "NOR"]
[SourceTitle "CBM 137 Extra"]
[Source "ChessBase"]
[SourceDate "2010.09.01"]
[SourceVersion "1"]
[SourceVersionDate "2010.09.01"]
[SourceQuality "1"]

1. e4 c5 2. Nf3 d6 3. d4 cxd4 4. Nxd4 Nf6 5. Nc3 a6 6. Be2 e6 7. f4 Nc6 8. Be3 Bd7 9. g4 h6 10. Qd2 Nxg4 11. Bxg4 Qh4+ 12. Qf2 Qxg4 13. Nde2 g5 14. 0-0-0 Be7 15. h4 gxf4 16. Nxf4 Qg7 17. Nh5 Qe5 18. Qf3 0-0-0 19. Na4 Kb8 20. Nb6 Be8 21. Nc4 Qb5 22. b3 f5 23. exf5 Qxf5 24. Qxf5 exf5 25. Ng7 d5 26. Bf4+ Ka7 27. Ne3 d4 28. Nexf5 Ba3+ 29. Kb1 Bg6 30. Rhf1 Rd5 31. Ne3 dxe3 32. Rxd5 Bxc2+ 33. Ka1 e2 34. Be3+ Kb8 35. Re1 Be4 36. Rd2 Bb4 37. Kb2 Bxd2 38. Bxd2 Bf3 39. Ne6 Kc8 40. Bc3 Re8 41. Nd4 Nxd4 42. Bxd4 Kd7 43. Bf2 Ke6 44. Rg1 Kf5 45. Be1 Rd8 46. Rg3 Kf4 47. Rg6 Rd1 48. Bg3+ Ke3 49. Re6+ Be4 50. h5 Rg1 51. Bh4 Rh1 0-1

[Event "NOR-ch"]
[Site "Fredrikstad"]
[Date "2010.07.03"]
[Round "1"]
[White "Lie, Kjetil A"]
[Black "Thomassen, Joachim"]
[Result "1/2-1/2"]
[WhiteElo "2529"]
[BlackElo "2364"]
[PlyCount "64"]
[EventDate "2010.07.03"]
[EventType "swiss"]
[EventRounds "9"]
[EventCountry "NOR"]
[SourceTitle "CBM 137 Extra"]
[Source "ChessBase"]
[SourceDate "2010.09.01"]
[SourceVersion "1"]
[SourceVersionDate "2010.09.01"]
[SourceQuality "1"]

1. e4 c5 2. Nc3 Nc6 3. f4 g6 4. Nf3 Bg7 5. a3 d6 6. Bb5 Bd7 7. d3 Nd4 8. Bxd7+ Qxd7 9. 0-0 e6 10. e5 Nxf3+ 11. Qxf3 d5 12. b4 Rc8 13. a4 cxb4 14. Nb5 Bf8 15. Bb2 h5 16. f5 gxf5 17. Rae1 Rh6 18. Re2 Bc5+ 19. Kh1 Ne7 20. Qf4 Rg6 21. h3 Kf8 22. Bd4 b6 23. Qh4 Kg7 24. Nd6 Rc6 25. Nxf5+ Nxf5 26. Rxf5 Bxd4 27. Rxh5 Bxe5 28. Rexe5 Rxc2 29. Rh7+ Kf8 30. Rh8+ Kg7 31. Rb8 Rc8 32. Rh5 Qc7 1/2-1/2